| 000 | 00390nam a2200109Ia 4500 | ||
|---|---|---|---|
| 008 | 171204s9999 xx 000 0 und d | ||
| 245 | _aInterpreting Nature: The Emerging Field of Environmental Hermeneutics | ||
| 245 | _cBrian Treanor, Forrest Clingerman, and Martin Drenthen | ||
| 260 | _c2013 | ||
| 650 | _xEnvironmental Science | ||
| 856 | _uhttp://down.ebook777.com/036/978-0823254262.pdf | ||
| 999 |
_c345494 _d345494 |
||